Rodzaje małp - Statystyki

Ogólne statystyki
  • Ten quiz został rozwiązany 4 razy
  • Średni wynik to 7 z 46
Statystyki odpowiedzi
Małpy % Poprawnych
Goryl
75%
Orangutan
75%
Szympans
75%
Człowiek
50%
Duk
50%
Gereza
50%
Gibbon
50%
Dżelada
25%
Gerezanka
25%
Koczkodan
25%
Kotawiec
25%
Lutung
25%
Makak
25%
Mandryl
25%
Nosacz
25%
Pawian
25%
Sajmiri
25%
Uistiti
25%
Czepiak
0%
Gibboniec
0%
Hulman
0%
Hulok
0%
Kapucynka
0%
Kipunja
0%
Koczkodanek
0%
Langur
0%
Mangaba
0%
Mangabka
0%
Marmozeta
0%
Miko
0%
Muriki
0%
Pagi
0%
Patos
0%
Pigmejka
0%
Ponocnica
0%
Pragereza
0%
Rokselana
0%
Saki
0%
Siamang
0%
Szatanka
0%
Talapoin
0%
Tamaryna
0%
Titi
0%
Uakari
0%
Wełniak
0%
Wyjec
0%
Nie znaleziono quizów pasujących do podanych kryteriów
Rozkład punktacji
Procent ludzi z każdym wynikiem
Percentyl według liczby udzielonych odpowiedzi
Twoja historia wyników
Nie rozwiązałeś tego quizu